Movies Quiz

Random Movies or Actor Quiz

Actor Occupations Quiz Stats

 Plays Quiz Updated Mar 16, 2016

Also try: Movie Posters
Challenge
Share
Tweet
Embed
Score 0/64 Timer 10:00
2 Plays Today
% Correct
Hitch
80.6%
Legally Blonde
79.2%
Little Nicky
73.1%
Zoolander
73%
Hancock
72.4%
Blades of Glory
71.1%
Dodgeball
71%
Independence Day
70.3%
The Heat
69.9%
Meet the Parents
68.4%
You Don't Mess with the Zohan
64.3%
Jerry Maguire
63.7%
Catch Me If You Can
62.7%
Walk the Line
62.2%
I Am Legend
60.6%
Titanic
58.9%
The Fighter
58.1%
Bruce Almighty
56%
Remember the Titans
54.6%
The Devil Wears Prada
52.7%
Funny People
51.9%
The Mask
50.6%
Raiders of the Lost Ark
50.1%
The Other Guys
49.9%
Sweeney Todd: The Demon Barber of Fleet Street
49.8%
Julie & Julia
49.7%
Cocktail
49.2%
Batman Begins
47.7%
The Departed
47.2%
Dumb & Dumber
45.5%
The Prestige
43.8%
Elizabeth
43.8%
% Correct
The Fugitive
42.3%
Sweet Home Alabama
39.8%
That Thing You Do!
38%
Land of the Lost
36.4%
Star Wars
35.7%
Charlie Wilson's War
35.7%
Shutter Island
34.1%
Blood Diamond
32.1%
Public Enemies
32%
Glory
31.7%
The Proposal
31.2%
The Hurricane
30.9%
Man on Fire
30.8%
Road to Perdition
29%
Stranger Than Fiction
27.4%
Spanglish
26.7%
Collateral
25.1%
Ed Wood
24.8%
Mystery Men
24.8%
Finding Neverland
24.5%
Practical Magic
23.2%
While You Were Sleeping
23.2%
Man on the Moon
21.1%
Minority Report
20.8%
Anchorman 2
19.6%
The Curious Case of Benjamin Button
17.8%
The Aviator
16.3%
3:10 to Yuma
15.8%
Mamma Mia!
15%
Music of the Heart
7.2%
How Do You Know
7.1%
The Life Aquatic with Steve Zissou
4.9%

You're not logged in!

Compare scores with friends on all Sporcle quizzes.
Join for Free
OR
Log In

You Might Also Like...

Show Comments

Extras

Top Quizzes Today


Score Distribution

Your Account Isn't Verified!

In order to create a playlist on Sporcle, you need to verify the email address you used during registration. Go to your Sporcle Settings to finish the process.

Report this User

Report this user for behavior that violates our Community Guidelines.

Details: